<?xml version="1.0" encoding="UTF-8"?>
<record
    xmlns:xsi="http://www.w3.org/2001/XMLSchema-instance"
    xsi:schemaLocation="http://www.loc.gov/MARC21/slim http://www.loc.gov/standards/marcxml/schema/MARC21slim.xsd"
    xmlns="http://www.loc.gov/MARC21/slim">

  <leader>01191nam a2200229 i 4500</leader>
  <controlfield tag="001">135121</controlfield>
  <controlfield tag="003">ES-MaACL</controlfield>
  <controlfield tag="005">20250406183019.0</controlfield>
  <controlfield tag="007">t|</controlfield>
  <controlfield tag="008">070710m19551956sp ac        |||| |bspa d</controlfield>
  <datafield tag="080" ind1=" " ind2=" ">
    <subfield code="a">821.161.1-82"18"</subfield>
  </datafield>
  <datafield tag="100" ind1="1" ind2=" ">
    <subfield code="a">Tolst&#xF3;i, Lev,</subfield>
    <subfield code="d">1828-1910</subfield>
    <subfield code="9">110489</subfield>
  </datafield>
  <datafield tag="245" ind1="1" ind2="0">
    <subfield code="a">Obras completas / </subfield>
    <subfield code="c">Le&#xF3;n Nikolaievich Tolstoi ; versi&#xF3;n directa del ruso, pr&#xF3;logo biogr&#xE1;fico y notas por Irene y Laura Andresco ; con un estudio grafol&#xF3;gico del autor por Matilde Ras y 22 ilustraciones.</subfield>
  </datafield>
  <datafield tag="260" ind1=" " ind2=" ">
    <subfield code="a">Madrid : </subfield>
    <subfield code="b">Aguilar, </subfield>
    <subfield code="c">[1955-1956]</subfield>
  </datafield>
  <datafield tag="300" ind1=" " ind2=" ">
    <subfield code="a">2 v. : </subfield>
    <subfield code="b">il., retr. ; </subfield>
    <subfield code="c">18 cm.</subfield>
  </datafield>
  <datafield tag="505" ind1="8" ind2=" ">
    <subfield code="a">Contiene: t. 1. Teatro: ; </subfield>
    <subfield code="t">El poder de las tinieblas ; </subfield>
    <subfield code="t">Los frutos de la civilizaci&#xF3;n ; </subfield>
    <subfield code="t">El vagabundo ; </subfield>
    <subfield code="t">El mujik y el obrero ; </subfield>
    <subfield code="t">El cad&#xE1;ver viviente. Novela: ; </subfield>
    <subfield code="t">Infancia, adolescencia y juventud ; </subfield>
    <subfield code="t">Felicidad conyugal ; </subfield>
    <subfield code="t">Los decembristas ; </subfield>
    <subfield code="t">Guerra y paz ; </subfield>
    <subfield code="t">Resurrecci&#xF3;n - t. 2 ; </subfield>
    <subfield code="t">Ana Karenina ; </subfield>
    <subfield code="t">La sonata a Kreutzer ; </subfield>
    <subfield code="t">Hadji Murat. Cuentos. P&#xE1;ginas autobiogr&#xE1;ficas</subfield>
  </datafield>
  <datafield tag="700" ind1="1" ind2=" ">
    <subfield code="a">Andresco, Irene.</subfield>
    <subfield code="9">21625</subfield>
  </datafield>
  <datafield tag="700" ind1="1" ind2=" ">
    <subfield code="a">Andresco, Laura.</subfield>
    <subfield code="9">21626</subfield>
  </datafield>
  <datafield tag="700" ind1="1" ind2=" ">
    <subfield code="a">Ras, Matilde, </subfield>
    <subfield code="d">1881-1969</subfield>
    <subfield code="9">95477</subfield>
  </datafield>
  <datafield tag="852" ind1=" " ind2=" ">
    <subfield code="a">ES-MaACL</subfield>
    <subfield code="j">C-10663-64</subfield>
  </datafield>
  <datafield tag="999" ind1=" " ind2=" ">
    <subfield code="c">135121</subfield>
    <subfield code="d">135121</subfield>
  </datafield>
  <datafield tag="952" ind1=" " ind2=" ">
    <subfield code="0">0</subfield>
    <subfield code="1">0</subfield>
    <subfield code="4">0</subfield>
    <subfield code="7">0</subfield>
    <subfield code="a">ATENEOM</subfield>
    <subfield code="b">ATENEOM</subfield>
    <subfield code="c">SPAL</subfield>
    <subfield code="d">2008-01-17</subfield>
    <subfield code="e">SC</subfield>
    <subfield code="l">0</subfield>
    <subfield code="o">C-10663-64</subfield>
    <subfield code="p">1140639</subfield>
    <subfield code="r">2023-02-23 00:00:00</subfield>
    <subfield code="w">2023-02-23</subfield>
    <subfield code="y">MONOGRAFIA</subfield>
  </datafield>
</record>
